| 000 | 00708nam a22002057a 4500 | ||
|---|---|---|---|
| 005 | 20180626153437.0 | ||
| 010 | _aENG-123241 | ||
| 020 |
_a9789380651552 _c1250.00 |
||
| 035 | _aEN-106773 | ||
| 037 | _bDBAD/PUB | ||
| 082 | _a250.95 | ||
| 245 |
_aBuddhism in East Asia: _cedited by Shanker Thapa [and] Anita Sharma _bcontinuity and changes in the great tradition/ |
||
| 260 |
_aDelhi _bVidyanidhi Prakashan _c2013 |
||
| 270 |
_aPlot no.26,D-10/1061,(Near Sri Mahagauri Mandir) Khajuri Khas, _bDelhi _e110094 |
||
| 300 |
_a258p. _c21cm(Hb) |
||
| 500 | _ait includes bibliographical references | ||
| 700 | _aThapa, Shanker | ||
| 700 | _aSharma, Anita | ||
| 942 |
_2ddc _cEN _mTHA _h250.95 |
||
| 999 |
_c152750 _d152750 |
||